005420000a22001810004500003001100000005001700011008004100028020001500069040003900084041000800123082001800131100002300149245002300172260004600195300002300241650004500264650005100309LK-CoMWRAF20231120102331.0230817t2003 ||||| |||| 00| 0 eng d a9555993378 aLK-CoMWRAFdLK-CoMWRAFeLK-CoMWRAF aeng a346.5493bAME aAmerasinghe, A.R.B aGender and the Law aRatmalana:bSarvodaya Vishva Lekha,c2003 axi, 90 p. ; 23 cm. aWomen -- Legal status, laws, - Sri Lanka a Sex discrimination against women -- Sri Lanka